La Torre Abolida

Gespeichert in:
Bibliographische Detailangaben
1. Verfasser: Soto González, Rodrigo
Format: Buch
Sprache:Undetermined
Veröffentlicht: San José, Costa Rica Ediciones Guayacán 1994
Schlagworte:
Tags: Tag hinzufügen
Keine Tags, Fügen Sie den ersten Tag hinzu!

MARC

LEADER 00000nam a2200000Ia 4500
008 170316s9999 xx 000 0 und d
040 |a cru BVZT 
090 |a 868 S-23t 
100 |a Soto González, Rodrigo 
245 |a La Torre Abolida 
260 |a San José, Costa Rica 
260 |b Ediciones Guayacán 
260 |c 1994 
300 |a 76 páginas 
650 |a LITERATURA COSTARRICENSE 
650 |a CUENTOS 
999 |c 11571  |d 11571 
942 |c 15 D  |h 868 S-23t  |2 z